| 000 | 00412nam a2200145 a 4500 | ||
|---|---|---|---|
| 001 | 3341 | ||
| 003 | CDMR | ||
| 005 | 20151016124801.0 | ||
| 008 | 130130s1989||||||||||||||||||||||||||||d | ||
| 040 |
_aCDMR _bcat _cCDMR |
||
| 110 | 2 |
_9133 _aCol·legi de Periodistes de Catalunya |
|
| 245 | 1 | 0 |
_aReglament intern _b: règim electoral |
| 260 |
_aBarcelona _c1989 _bCol·legi de Periodistes de Catalunya |
||
| 942 |
_cFULLET _2udc |
||
| 999 |
_c3341 _d3341 |
||